Luật thương mại : Sách hướng dẫn học tập

Khái quát chung về thương mại, luật thương mại và thương nhân, các loại hình doanh nghiệp theo luật doanh nghiệp 2014, pháp luật về hộ kinh doanh và hợp tác xã,...

Spremljeno u:
Bibliografski detalji
Glavni autor: Nguyễn, Mai Hân
Format: Knjiga
Jezik:Undetermined
Izdano: Cần Thơ Nxb. Đại học Cần Thơ 2017
Teme:
Oznake: Dodaj oznaku
Bez oznaka, Budi prvi tko označuje ovaj zapis!
Thư viện lưu trữ: Trung tâm Học liệu Trường Đại học Cần Thơ
LEADER 00957nam a2200217Ia 4500
001 CTU_229573
008 210402s9999 xx 000 0 und d
082 |a 346.59707 
082 |b H121 
100 |a Nguyễn, Mai Hân 
245 0 |a Luật thương mại : 
245 0 |b Sách hướng dẫn học tập 
245 0 |c Nguyễn Mai Hân, Đoàn Nguyễn Minh Thuận, Nguyễn Thị Hoa Cúc (Biên soạn) 
260 |a Cần Thơ 
260 |b Nxb. Đại học Cần Thơ 
260 |c 2017 
520 |a Khái quát chung về thương mại, luật thương mại và thương nhân, các loại hình doanh nghiệp theo luật doanh nghiệp 2014, pháp luật về hộ kinh doanh và hợp tác xã,... 
650 |a Luật thương mại,Commercial law 
650 |z Việt Nam,Vietnam 
910 |b dqhieu 
980 |a Trung tâm Học liệu Trường Đại học Cần Thơ